00327nam a2200121Ia 4500008004100000041000800041082001600049100001900065245003300084260002600117300001900143520004300162240719s9999 xx 000 0 und d aeng a330.015 STO aStock, James H aIntroduction To Econometrics aBostonbPearsonc2011 a785.; P 24 Cm. aFaculty Purchase By Prof Subodh Tagare